| 000 | 00360nam a22001337a 4500 | ||
|---|---|---|---|
| 008 | 190326b ||||| |||| 00| 0 eng d | ||
| 020 | _a9781529017786 | ||
| 082 | _a385.5 COW | ||
| 100 | _aCowley, Jason. | ||
| 245 |
_aWho are we now? ; _bstories of modern England. |
||
| 260 |
_aLondon ; _bPicador, _c2022. |
||
| 300 |
_a271 p. : _c26 cm. _bill. ; |
||
| 942 | _2ddc | ||
| 999 |
_c10169 _d10170 |
||